000 00237nam a22001097a 4500
008 230703b xxu||||| |||| 00| 0 eng d
082 _a346.06
_bABB
100 _cKeuth Abbott
245 _aBusiness Law
300 _a573p
942 _2ddc
_cBK
999 _c3489
_d3489